Normal view MARC view

Entry Nombre personal

Number of records used in: 1

001 - NÚMERO DE CONTROL

  • campo de control: 178

003 - IDENTIFICADOR DE NÚMERO DE CONTROL

  • campo de control: DLC

005 - FECHA Y HORA DE LA ÚLTIMA TRANSACCIÓN

  • campo de control: 20260121081859.0

008 - ELEMENTOS DE DATO DE LONGITUD-FIJA

  • campo de control de longitud fija: 790920n| azannaabn |a aaa

010 ## - NÚMERO DE CONTROL DE LA BIBLIOTECA DEL CONGRESO

  • Número de control de LC: n 79110197

035 ## - NÚMERO DE CONTROL DEL SISTEMA

  • Número de control de sistema: (OCoLC)oca00342088

040 ## - FUENTE DE CATALOGACIÓN

  • Centro catalogador/agencia de origen: DLC
  • Lengua de catalogación: eng
  • Normas de descripción: rda
  • Centro/agencia transcriptor: DLC
  • Centro/agencia modificador: Uk
  • Centro/agencia modificador: DLC
  • Centro/agencia modificador: Uk
  • Centro/agencia modificador: DLC
  • Centro/agencia modificador: Uk
  • Centro/agencia modificador: InU

046 ## - FECHAS CON CODIFICACIÓN ESPECIAL

  • Fecha de nacimiento: 1941-09-21
  • Fuente del esquema de fecha: edtf

100 1# - ENCABEZAMIENTO-NOMBRE DE PERSONA

  • Nombre de persona: Bingham, Jane,
  • Fechas asociadas al nombre: 1941-

370 ## - LUGAR ASOCIADO

  • Lugar de nacimiento: Huntington (W. Va.)
  • País asociado: United States
  • Otro lugar asociado: Rochester (Mich.)
  • Fuente del término: naf

372 ## - CAMPO DE ACTIVIDAD

  • Campo de actividad: Children's literature
  • Campo de actividad: Reading
  • Campo de actividad: Literacy
  • Fuente del término: lcsh

373 ## - GRUPO ASOCIADO

  • Grupo asociado: Oakland University
  • Fuente del término: naf

374 ## - OCUPACIÓN

  • Ocupación: College teachers
  • Fuente del término: lcsh

377 ## - IDIOMA ASOCIADO

  • Código del idioma: eng

378 ## - FORMA COMPLETA/DESARROLLADA DEL NOMBRE

  • Forma completa/desarrollada del nombre: Jane Marie

400 1# - TRAZADO DE VÉASE--NOMBRE DE PERSONA

  • Nombre de persona: Bingham, Jane M.
  • Forma completa/desarrollada del nombre: (Jane Marie),
  • Fechas asociadas al nombre: 1941-

670 ## - FUENTE DE DATOS ENCONTRADOS

  • Cita de la fuente: Fifteen centuries of children's literature, c1980:
  • Información encontrada: t.p. (Jane Bingham)

670 ## - FUENTE DE DATOS ENCONTRADOS

  • Cita de la fuente: Writers for children, c1988:
  • Información encontrada: t.p. (Jane M. Bingham)

670 ## - FUENTE DE DATOS ENCONTRADOS

  • Cita de la fuente: ZoomInfo website, 18 Feb. 2013:
  • Información encontrada: profiles (Jane M. Bingham; Professor of Children's Literature and Reading at Oakland University, Rochester, Michigan; Professor of Education in the Reading and Language Arts Dept., Oakland University)

670 ## - FUENTE DE DATOS ENCONTRADOS

  • Cita de la fuente: Contemporary Authors online, 18 Feb. 2013
  • Información encontrada: (Jane Marie Bingham, born 21 Sept. 1941 in Huntington, W.Va.; PhD in 1970 from Michigan University; began career as a school teacher, then for most of her career taught children's literature at Oakland University)

670 ## - FUENTE DE DATOS ENCONTRADOS

  • Cita de la fuente: Oakland University website, 18 Feb. 2013
  • Información encontrada: (Oakland University Professor Emeritus Jane Bingham donated her entire collection of children's literature to the University)